| 000 | 00967nas a2200313 4500 | ||
|---|---|---|---|
| 001 | BR2015000471 | ||
| 003 | BR-BrBNA | ||
| 005 | 20231205124936.0 | ||
| 007 | ta | ||
| 008 | 230509b bl.|||p| |||| 00| 00por d | ||
| 040 |
_aBR-BrBNA _bpor _cBiblioteca Nacional de Agricultura |
||
| 041 | _a(En) | ||
| 072 | _aP06 | ||
| 100 | 1 | _aMaroneze, M.M. | |
| 100 | 1 | _aBarin, J.S. | |
| 100 | 1 | _aMenezes, C.R. de | |
| 100 | 1 | _aQueiroz, M.I. | |
| 100 | 1 | _aZepka, L.Q. | |
| 100 | 1 | _aJacob-Lopes, E. | |
| 245 | 1 | _aTreatment of cattle-slaughterhouse wastewater and the reuse of sludge for biodiesel production by microalgal heterotrophic bioreactors | |
| 650 | _aBIOCOMBUSTIVEL | ||
| 650 | _aBIOTECNOLOGIA | ||
| 650 | _aPRODUCAO | ||
| 650 | _aMICROALGA | ||
| 650 | _aAGUAS RESIDUAIS | ||
| 773 | 0 |
_tScientia Agricola (Brazil) _xISSN 0103-9016 _g(Nov-Dec 2014), v. 71(6) p. 521-524 _wBR2015000471 |
|
| 909 |
_a202311 _bLúcia _c55 _dLúcia Elande |
||
| 942 |
_2AGRIS _n0 _cANA |
||
| 999 |
_c241741 _d241741 |
||